Online
Catalog

Colonización de América / (Record no. 38879)

MARC details
000 -CABECERA
campo de control de longitud fija 00890nam a2200241 a 4500
001 - NÚMERO DE CONTROL
campo de control 000039389
005 - FECHA Y HORA DE LA ÚLTIMA TRANSACCIÓN
campo de control 20201002031627.0
008 - DATOS DE LONGITUD FIJA--INFORMACIÓN GENERAL
campo de control de longitud fija 130625s1990 sp 000 0 spa d
020 ## - NÚMERO INTERNACIONAL ESTÁNDAR DEL LIBRO
Número Internacional Estándar del Libro 8400070208
040 ## - FUENTE DE LA CATALOGACIÓN
Centro catalogador/agencia de origen DO-SdBNP
Lengua de catalogación spa
Centro/agencia transcriptor BNPHU
100 1# - ENTRADA PRINCIPAL--NOMBRE DE PERSONA
Nombre de persona Autor: López Medel, Tomás
9 (RLIN) 65599
245 10 - MENCIÓN DE TÍTULO
Título Colonización de América /
Mención de responsabilidad, etc. editores Tomas Lopez Medel ; L. Pereña, C. Baciero, F. Maseda.
260 ## - PUBLICACIÓN, DISTRIBUCIÓN, ETC.
Lugar de publicación, distribución, etc. Madrid :
Nombre del editor, distribuidor, etc. Consejo Superior de Investigaciones Científicas,
Fecha de publicación, distribución, etc. 1990.
300 ## - DESCRIPCIÓN FÍSICA
Extensión XVI, 403 p. ;
Dimensiones 21 cm.
490 1# - MENCIÓN DE SERIE
Mención de serie Corpus Hispanorum de Pace ;
Designación de volumen o secuencia 28
500 ## - NOTA GENERAL
Nota general Índices
504 ## - NOTA DE BIBLIOGRAFÍA, ETC.
Nota de bibliografía, etc. Bibliografía: p. [375]-378
504 ## - NOTA DE BIBLIOGRAFÍA, ETC.
Nota de bibliografía, etc. Incluye referencias bibliográficas y notas al pie de las páginas
700 1# - PUNTO DE ACCESO ADICIONAL--NOMBRE DE PERSONA
Nombre de persona Baciero, Carlos,
Término indicativo de función/relación ed.
9 (RLIN) 65600
700 1# - PUNTO DE ACCESO ADICIONAL--NOMBRE DE PERSONA
Nombre de persona Maseda, F.,
Término indicativo de función/relación ed.
9 (RLIN) 65601
700 1# - PUNTO DE ACCESO ADICIONAL--NOMBRE DE PERSONA
Nombre de persona Pereña, Luciano,
Término indicativo de función/relación edl
9 (RLIN) 14911
830 #0 - PUNTO DE ACCESO ADICIONAL DE SERIE-TÍTULO UNIFORME
Título uniforme Corpus Hispanorum de Pace ;
Designación de volumen o secuencia 28
9 (RLIN) 15705
Holdings
Estado de retiro Estado de pérdida Restricciones de uso No para préstamo Código de colección Localización permanente Ubicación/localización actual Ubicación en estantería Fecha de adquisición Número de inventario Total de préstamos Signatura topográfica completa Código de barras Fecha visto por última vez Precio válido a partir de Tipo de ítem Koha
        Monografías: Libros y Folletos General General Orden iniciada 25.06.2013 LF1   39389-10 25.06.2020 25.06.2020 No se presta

Powered by Koha